| 000 | 00687nam a2200253Ia 4500 | ||
|---|---|---|---|
| 008 | 170711s9999 xx 000 0 und d | ||
| 020 | _a9780813344461 | ||
| 050 | _a327.3 | ||
| 050 | _bP381 2009 | ||
| 100 | _aPeleg, Ilan | ||
| 245 | 4 | _aThe legacy of George W. Bush's foreign policy / | |
| 245 | _cby Ilan Peleg. | ||
| 260 | _aUSA : | ||
| 260 | _bWest View Press, | ||
| 260 | _c2009 | ||
| 300 | _axv, 202 pages : | ||
| 300 | _billustrations ; | ||
| 300 | _c23cm. | ||
| 500 | _aIncludes bibliographic reference and index. | ||
| 650 | _aBush, George W. (George Walker), 1946. | ||
| 650 | _aUnited States -- | ||
| 650 | _xForeign relations -- 2001. | ||
| 700 | _aTitle. | ||
| 999 |
_c339690 _d339690 |
||